[Event "Sardinia World op-A"]
[Site "Orosei"]
[Date "2024.05.01"]
[Round "6"]
[White "Bellia, Fabrizio"]
[Black "Shvedova, Alexandra"]
[Result "1-0"]
[WhiteElo "2384"]
[BlackElo "2203"]
[PlyCount "69"]
[EventDate "2024.04.27"]
[EventType "swiss"]
[EventRounds "9"]
[EventCountry "ITA"]
[SourceTitle "CB19_2024"]
[SourceDate "2024.05.08"]
[SourceVersion "1"]
[SourceVersionDate "2024.05.08"]
[SourceQuality "1"]

1. e4 c5 2. Nf3 d6 3. d4 cxd4 4. Nxd4 Nf6 5. f3 e5 6. Nb3 Be6 7. c4 Nbd7 8. Be3 Rc8 9. Nc3 Bxc4 10. Bxc4 Rxc4 11. Qd3 Rc8 12. Bxa7 b6 13. 0-0 d5 14. exd5 Bb4 15. Nb5 0-0 16. Rad1 Re8 17. d6 Re6 18. a3 Nc5 19. Qc4 Nxb3 20. Qxb4 Nc5 21. Rc1 Nfd7 22. Qd2 e4 23. fxe4 Nxe4 24. Qf4 Nef6 25. Rc7 Qe8 26. Qc1 Rd8 27. h3 Re2 28. Nd4 Qe3+ 29. Qxe3 Rxe3 30. Nc6 Rde8 31. Rxf6 Nxf6 32. d7 Nxd7 33. Rxd7 Rb3 34. Rd2 f6 35. Nd4 1-0

[Event "Sardinia World op-A"]
[Site "Orosei"]
[Date "2024.04.30"]
[Round "4"]
[White "Savitha Shri, B."]
[Black "Shvedova, Alexandra"]
[Result "1/2-1/2"]
[WhiteElo "2363"]
[BlackElo "2203"]
[PlyCount "116"]
[EventDate "2024.04.27"]
[EventType "swiss"]
[EventRounds "9"]
[EventCountry "ITA"]
[SourceTitle "CB19_2024"]
[SourceDate "2024.05.08"]
[SourceVersion "1"]
[SourceVersionDate "2024.05.08"]
[SourceQuality "1"]

1. e4 c5 2. Nf3 d6 3. d4 cxd4 4. Nxd4 Nf6 5. Nc3 a6 6. h3 e6 7. g4 h6 8. Bg2 Be7 9. Be3 Nc6 10. Qe2 Nxd4 11. Bxd4 e5 12. Be3 b5 13. 0-0-0 b4 14. Nd5 Nxd5 15. exd5 0-0 16. f4 exf4 17. Bxf4 a5 18. Qd2 Rb8 19. Be4 a4 20. Rhg1 Bf6 21. g5 hxg5 22. Bxg5 a3 23. Qf4 Bxg5 24. Rxg5 f5 25. Bxf5 Qf6 26. Be6+ Bxe6 27. Qxf6 Rxf6 28. dxe6 Rxe6 29. Rg3 Ra8 30. Rb3 Re2 31. bxa3 bxa3 32. Rdd3 Re1+ 33. Kd2 Ra1 34. Rxa3 Rxa2 35. Rxa8+ Rxa8 36. Rxd6 Kf7 37. Rd3 Rc8 38. Rd4 g5 39. c4 Ke6 40. Kc3 Rh8 41. Rd3 Rc8 42. Kb4 Rb8+ 43. Ka5 Rc8 44. Rd4 Rh8 45. Rd3 Rc8 46. Kb4 Rb8+ 47. Kc3 Rc8 48. Kd4 Rd8+ 49. Ke3 Rh8 50. Kf2 Rh4 51. c5 Rc4 52. Rd6+ Ke5 53. Rg6 Rxc5 54. Rxg5+ Kd6 55. Rg6+ Ke7 56. h4 Kf7 57. Rg4 Rc2+ 58. Ke3 Kf6 1/2-1/2

[Event "Titled Tuesday intern op 06th Feb Early"]
[Site "Chess.com INT"]
[Date "2024.02.06"]
[Round "9"]
[White "Fakhretdinova, Margarita"]
[Black "Shvedova, Alexandra"]
[Result "0-1"]
[WhiteElo "2153"]
[BlackElo "2213"]
[PlyCount "52"]
[EventDate "2024.02.06"]
[EventType "swiss (blitz)"]
[EventRounds "11"]
[EventCountry "USA"]
[SourceTitle "CB07_2024"]
[SourceDate "2024.02.14"]
[SourceVersion "1"]
[SourceVersionDate "2024.02.14"]
[SourceQuality "1"]

1. e4 c5 2. Nf3 d6 3. d4 cxd4 4. Nxd4 Nf6 5. Nc3 a6 6. f3 e6 7. Be3 Nbd7 8. Qd2 b5 9. g4 h6 10. h4 b4 11. Na4 d5 12. Bh3 Ne5 13. b3 dxe4 14. g5 hxg5 15. hxg5 Nd5 16. 0-0-0 exf3 17. g6 Nxg6 18. Nxf3 Bd6 19. Kb1 Bd7 20. Nb6 Nxb6 21. Qxd6 Nd5 22. Rxd5 exd5 23. Bg5 f6 24. Re1+ Ne7 25. Ne5 Rxh3 26. Ng6 Rh1 0-1

[Event "Wch U16 Girls"]
[Site "Montesilvano"]
[Date "2023.11.17"]
[Round "5"]
[White "Shvedova, Alexandra"]
[Black "Shohradova, Leyla"]
[Result "1-0"]
[WhiteElo "2170"]
[BlackElo "1782"]
[PlyCount "91"]
[EventDate "2023.11.13"]
[EventType "swiss"]
[EventRounds "11"]
[EventCountry "ITA"]
[SourceTitle "CB48_2023"]
[SourceDate "2023.11.29"]
[SourceVersion "1"]
[SourceVersionDate "2023.11.29"]
[SourceQuality "1"]

1. d4 Nf6 2. c4 c5 3. d5 b5 4. cxb5 a6 5. e3 d6 6. Nc3 g6 7. Nf3 Bg7 8. a4 0-0 9. e4 Bd7 10. Bd2 e6 11. dxe6 Bxe6 12. Be2 axb5 13. Bxb5 Na6 14. 0-0 Nb4 15. Ra3 Qe7 16. Re1 Qb7 17. Bf4 d5 18. exd5 Nfxd5 19. Nxd5 Bxd5 20. Be5 Bh6 21. Qe2 Bc6 22. Qc4 Rfc8 23. Qh4 Bg7 24. Ng5 h5 25. Bc4 Bd5 26. Rf3 Rf8 27. Bd6 Bxf3 28. gxf3 Qd7 29. Bxf8 Rxf8 30. Kg2 Nd5 31. Qe4 Rd8 32. a5 Bf6 33. Nxf7 Qxf7 34. Rd1 Bd4 35. a6 Kg7 36. a7 Nf4+ 37. Kh1 Qxc4 38. Qe7+ Kh6 39. Qxd8 Qe2 40. Qf8+ Kh7 41. Qf7+ Bg7 42. Qxf4 Qxd1+ 43. Kg2 Qd5 44. h4 c4 45. Qb8 Qc5 46. Kh1 1-0

[Event "Speed Chess Q1 Sw"]
[Site "Chess.com INT"]
[Date "2023.08.21"]
[Round "3"]
[White "Osinovsky, Stepan"]
[Black "Shvedova, Alexandra"]
[Result "0-1"]
[WhiteElo "2241"]
[BlackElo "2207"]
[PlyCount "48"]
[EventDate "2023.08.21"]
[EventType "k.o. (blitz)"]
[EventRounds "14"]
[EventCountry "USA"]
[SourceTitle "CBM 215 Extra"]
[Source "ChessBase"]
[SourceDate "2023.09.30"]
[SourceVersion "1"]
[SourceVersionDate "2023.09.30"]
[SourceQuality "1"]

1. Nf3 d5 2. g3 c6 3. Bg2 Nf6 4. 0-0 Nbd7 5. d3 e5 6. e4 dxe4 7. dxe4 Qc7 8. Nbd2 Bc5 9. a4 a5 10. Nh4 0-0 11. Nf5 g6 12. Nh6+ Kg7 13. Nc4 Nb6 14. Ne3 Be6 15. b3 Rad8 16. Qf3 Qe7 17. g4 Rd4 18. Nef5+ gxf5 19. gxf5 Bc8 20. Bg5 Nbd7 21. Qg3 Kh8 22. Kh1 Qd6 23. Rae1 Bb4 24. Rb1 Nxe4 0-1

[Event "Speed Chess Q1 Sw"]
[Site "Chess.com INT"]
[Date "2023.08.21"]
[Round "7"]
[White "Ponkratov, Pavel"]
[Black "Shvedova, Alexandra"]
[Result "1-0"]
[WhiteElo "2582"]
[BlackElo "2207"]
[PlyCount "101"]
[EventDate "2023.08.21"]
[EventType "k.o. (blitz)"]
[EventRounds "14"]
[EventCountry "USA"]
[SourceTitle "CBM 215 Extra"]
[Source "ChessBase"]
[SourceDate "2023.09.30"]
[SourceVersion "1"]
[SourceVersionDate "2023.09.30"]
[SourceQuality "1"]

1. Nf3 Nf6 2. c4 e6 3. Nc3 d5 4. e3 b6 5. cxd5 exd5 6. b3 g6 7. Bb2 Bg7 8. Bb5+ c6 9. Be2 0-0 10. 0-0 Re8 11. Rc1 Nbd7 12. Re1 Bb7 13. Qc2 Nc5 14. d3 Ne6 15. b4 Qd7 16. Ne5 Qd6 17. Nb1 d4 18. Nc4 Qd8 19. e4 Rc8 20. a4 Qd7 21. Bf1 c5 22. b5 Ng4 23. h3 Ne5 24. Nbd2 h5 25. Ra1 Nf4 26. a5 Qe6 27. axb6 axb6 28. Ra7 Rb8 29. Bc1 g5 30. Nxe5 Bxe5 31. Nf3 f6 32. Nxe5 Qxe5 33. g3 Ng6 34. Qc4+ Kg7 35. Bd2 Re7 36. h4 gxh4 37. f4 Qd6 38. e5 fxe5 39. f5 Nf8 40. Bg5 Rf7 41. f6+ Kg6 42. Bxh4 Nd7 43. Rxb7 Rxb7 44. Bg2 Nxf6 45. Rf1 Ng4 46. Rxf7 Rxf7 47. Qa2 Ne3 48. Qa8 Nxg2 49. Kxg2 Qe6 50. Qg8+ Kh6 51. Bg5# 1-0

[Event "Speed Chess Q1 Sw"]
[Site "Chess.com INT"]
[Date "2023.08.21"]
[Round "6"]
[White "Shvedova, Alexandra"]
[Black "Dehtiarov, Roman"]
[Result "1-0"]
[WhiteElo "2207"]
[BlackElo "2308"]
[PlyCount "96"]
[EventDate "2023.08.21"]
[EventType "k.o. (blitz)"]
[EventRounds "14"]
[EventCountry "USA"]
[SourceTitle "CBM 215 Extra"]
[Source "ChessBase"]
[SourceDate "2023.09.30"]
[SourceVersion "1"]
[SourceVersionDate "2023.09.30"]
[SourceQuality "1"]

1. d4 Nf6 2. c4 e6 3. Nf3 b6 4. g3 Ba6 5. Qc2 c5 6. Bg2 Bb7 7. 0-0 cxd4 8. Nxd4 Bxg2 9. Kxg2 Qc8 10. Nd2 Be7 11. b3 0-0 12. Bb2 d5 13. Rac1 Rd8 14. a3 Qb7 15. Kg1 dxc4 16. Qxc4 Na6 17. N2f3 Nc5 18. b4 Nce4 19. Nc6 Re8 20. Rfd1 h6 21. Nfe5 Nd6 22. Nxe7+ Qxe7 23. Qc7 Nd5 24. Qxe7 Rxe7 25. f3 Ne8 26. e4 Ndf6 27. Rd3 a6 28. Kf2 b5 29. Bd4 Rb7 30. Nc6 Kh7 31. Ke3 Rd7 32. Bb6 Rxd3+ 33. Kxd3 Nd6 34. e5 Nd5 35. exd6 Nxb6 36. Na5 Rd8 37. Nb7 Rd7 38. Rc7 Kg6 39. Kd4 Kf6 40. Kc5 Rxc7+ 41. dxc7 Nd7+ 42. Kc6 Ne5+ 43. Kb6 Nd7+ 44. Ka7 Ne5 45. c8Q Ng6 46. Qc3+ Kf5 47. Kxa6 e5 48. g4+ Ke6 1-0

[Event "Speed Chess Q1 Sw"]
[Site "Chess.com INT"]
[Date "2023.08.21"]
[Round "13"]
[White "Shvedova, Alexandra"]
[Black "Nigalidze, Gaioz"]
[Result "0-1"]
[WhiteElo "2207"]
[BlackElo "2421"]
[PlyCount "82"]
[EventDate "2023.08.21"]
[EventType "k.o. (blitz)"]
[EventRounds "14"]
[EventCountry "USA"]
[SourceTitle "CBM 215 Extra"]
[Source "ChessBase"]
[SourceDate "2023.09.30"]
[SourceVersion "1"]
[SourceVersionDate "2023.09.30"]
[SourceQuality "1"]

1. d4 Nf6 2. c4 c5 3. d5 b5 4. Qc2 bxc4 5. e4 g6 6. Bxc4 d6 7. Nf3 Bg7 8. 0-0 0-0 9. a4 Na6 10. Nc3 Nb4 11. Qe2 Bg4 12. h3 Bxf3 13. Qxf3 Nd7 14. Qe2 Rb8 15. Be3 Ne5 16. Rfc1 Qa5 17. Bd2 Nxc4 18. Qxc4 Qa6 19. b3 Qxc4 20. bxc4 Nd3 21. Rcb1 Ne5 22. Kf1 Nxc4 23. Be1 a6 24. Ke2 f5 25. f3 Bd4 26. exf5 gxf5 27. f4 Kf7 28. Kd3 Nb6 29. a5 Bxc3 30. Bxc3 Nxd5 31. Bd2 Rb5 32. Kc4 Nc7 33. g4 d5+ 34. Kd3 Rg8 35. g5 e6 36. h4 Rgb8 37. Rxb5 Rxb5 38. h5 Rb3+ 39. Kc2 Rh3 40. Rb1 Nb5 41. h6 Na3+ 0-1

[Event "Speed Chess Q1 Sw"]
[Site "Chess.com INT"]
[Date "2023.08.21"]
[Round "9"]
[White "Shvedova, Alexandra"]
[Black "Ovezdurdiyeva, Jemal"]
[Result "1/2-1/2"]
[WhiteElo "2207"]
[BlackElo "2057"]
[PlyCount "167"]
[EventDate "2023.08.21"]
[EventType "k.o. (blitz)"]
[EventRounds "14"]
[EventCountry "USA"]
[SourceTitle "CBM 215 Extra"]
[Source "ChessBase"]
[SourceDate "2023.09.30"]
[SourceVersion "1"]
[SourceVersionDate "2023.09.30"]
[SourceQuality "1"]

1. d4 Nf6 2. c4 b6 3. Nc3 Bb7 4. Nf3 e6 5. e3 Be7 6. Bd3 d5 7. 0-0 0-0 8. b3 c5 9. Bb2 Nc6 10. Rc1 cxd4 11. exd4 Rc8 12. Qe2 dxc4 13. bxc4 Nxd4 14. Nxd4 Qxd4 15. Nd5 Qc5 16. Nxe7+ Qxe7 17. h3 Rfd8 18. Rfd1 h6 19. Qe3 Ne8 20. Qg3 Qg5 21. Qxg5 hxg5 22. Kf1 Nd6 23. f3 Nxc4 24. Bxc4 Rxd1+ 25. Rxd1 Rxc4 26. Rd8+ Kh7 27. Rd7 Ba6 28. Rxa7 Ra4+ 29. Kg1 Rxa2 30. Bd4 Kg6 31. Bxb6 e5 32. Bc5 f6 33. Bf8 Bc4 34. Rxg7+ Kf5 35. Rc7 Ra1+ 36. Kh2 Bf1 37. Rc2 Ra6 38. Kg3 Bd3 39. Rd2 Bb5 40. Be7 Ke6 41. Bd8 Bc6 42. Rc2 Bd5 43. Rc7 Rd6 44. Re7+ Kf5 45. Re8 Bc4 46. Rf8 Bf1 47. Kf2 Bb5 48. g4+ Kg6 49. Be7 Re6 50. Bb4 Rc6 51. Kg3 Rb6 52. Ba5 Ra6 53. Bb4 Bc6 54. Be7 Bd5 55. h4 gxh4+ 56. Kxh4 Bxf3 57. Kg3 Bd5 58. Bc5 Re6 59. Bb4 Rc6 60. Be7 Kg7 61. Bb4 Rc4 62. Bd6 Rc6 63. Bb4 Rb6 64. Bc5 Rb3+ 65. Kf2 Rc3 66. Bd6 Rc2+ 67. Ke3 Rc3+ 68. Kd2 Rf3 69. g5 fxg5 70. Rxf3 Bxf3 71. Bxe5+ Kg6 72. Ke3 Kf5 73. Bg3 Bd5 74. Kf2 Be4 75. Bh2 Bd5 76. Bg3 Kg4 77. Bh2 Kh3 78. Bg3 g4 79. Bf4 Bf3 80. Bg3 Bg2 81. Bf4 Bf3 82. Bg3 Be4 83. Bf4 g3+ 84. Bxg3 1/2-1/2

[Event "Titled Tuesday intern op 11th Jul Early"]
[Site "Chess.com INT"]
[Date "2023.07.11"]
[Round "2"]
[White "Dwilewicz, Katarzyna"]
[Black "Shvedova, Alexandra"]
[Result "0-1"]
[WhiteElo "2134"]
[BlackElo "2207"]
[PlyCount "100"]
[EventDate "2023.07.11"]
[EventType "swiss (blitz)"]
[EventRounds "11"]
[EventCountry "USA"]
[SourceTitle "EXT 2024"]
[Source "ChessBase"]
[SourceDate "2023.10.10"]
[SourceVersion "1"]
[SourceVersionDate "2023.10.10"]
[SourceQuality "1"]

1. e4 c5 2. Nf3 Nc6 3. c3 Nf6 4. e5 Nd5 5. d4 cxd4 6. Bc4 Nb6 7. Bb3 g6 8. cxd4 d5 9. exd6 Qxd6 10. Nc3 Bg7 11. 0-0 0-0 12. Ne4 Qd8 13. Be3 Bg4 14. Nc5 Qc7 15. h3 Bxf3 16. Qxf3 Nxd4 17. Bxd4 Bxd4 18. Nxb7 Bxb2 19. Rab1 Bg7 20. Rfc1 Qe5 21. Re1 Qg5 22. Rbc1 e6 23. Nd6 Qe7 24. Rc6 Rad8 25. Ne4 Nd7 26. Rc7 Qb4 27. Rd1 Ne5 28. Qe2 Rxd1+ 29. Bxd1 Qb6 30. Qc2 Rd8 31. Be2 h6 32. g3 f5 33. Rc8 Rxc8 34. Qxc8+ Kh7 35. Nc3 Nc6 36. Kg2 Bxc3 37. Qxe6 Bg7 38. Bc4 h5 39. Qf7 Ne5 40. Qg8+ Kh6 41. Be6 Qc6+ 42. Kh2 Nf3+ 43. Kg2 Ng5+ 44. Kf1 Nxe6 45. f4 Qc4+ 46. Kf2 Qxa2+ 47. Kg1 Qb1+ 48. Kg2 Qc2+ 49. Kf1 Qd3+ 50. Ke1 Qe3+ 0-1

[Event "Titled Tuesday intern op 11th Jul Early"]
[Site "Chess.com INT"]
[Date "2023.07.11"]
[Round "6"]
[White "Liyanage, Ranindu Dilshan"]
[Black "Shvedova, Alexandra"]
[Result "0-1"]
[WhiteElo "2376"]
[BlackElo "2207"]
[PlyCount "140"]
[EventDate "2023.07.11"]
[EventType "swiss (blitz)"]
[EventRounds "11"]
[EventCountry "USA"]
[SourceTitle "EXT 2024"]
[Source "ChessBase"]
[SourceDate "2023.10.10"]
[SourceVersion "1"]
[SourceVersionDate "2023.10.10"]
[SourceQuality "1"]

1. e4 e5 2. Nf3 Nc6 3. Bc4 Bc5 4. c3 Nf6 5. d4 exd4 6. cxd4 Bb4+ 7. Nbd2 d5 8. exd5 Nxd5 9. a3 Be7 10. 0-0 0-0 11. Ba2 Bg4 12. h3 Bh5 13. Qb3 Nf4 14. d5 Ne2+ 15. Kh1 Ncd4 16. Nxd4 Nxd4 17. Qc4 c5 18. Re1 b5 19. Qc3 Bg6 20. Ne4 Rc8 21. Bf4 Bxe4 22. Rxe4 Bd6 23. Bxd6 Qxd6 24. Rae1 h6 25. b4 Nf5 26. bxc5 Rxc5 27. Qf3 g6 28. Re5 Ng7 29. Qe3 Kh7 30. Qd3 Rc1 31. Rxc1 Qxe5 32. d6 Rd8 33. Rd1 Nf5 34. d7 Qe7 35. Qd5 Kg7 36. Qxb5 Nd6 37. Qb2+ f6 38. Qc3 Rxd7 39. Re1 Qd8 40. Re6 Rf7 41. Qb3 Nf5 42. Re4 Rd7 43. Kh2 Nd4 44. Qc4 Nf5 45. g3 Nd6 46. Qe6 Nxe4 47. Qxe4 Qe7 48. Qc4 Qe8 49. Bb3 Re7 50. a4 a5 51. Qc5 Re5 52. Qc7+ Qe7 53. Qc4 Qe8 54. Qc7+ Qe7 55. Qc4 Qe8 56. Qc3 Re2 57. Qc5 Qe7 58. Qd4 Re4 59. Qd5 Qe8 60. Qxa5 Re2 61. Qa7+ Qe7 62. Qd4 Qe5 63. Qd7+ Qe7 64. Qd4 Qe5 65. Qb6 h5 66. a5 h4 67. Qb7+ Kh6 68. Qf3 hxg3+ 69. Qxg3 Rxf2+ 70. Kg1 Qxg3+ 0-1

[Event "Titled Tuesday intern op 11th Jul Early"]
[Site "Chess.com INT"]
[Date "2023.07.11"]
[Round "11"]
[White "Shvedova, Alexandra"]
[Black "Goryachkina, Aleksandra"]
[Result "1-0"]
[WhiteElo "2207"]
[BlackElo "2557"]
[PlyCount "53"]
[EventDate "2023.07.11"]
[EventType "swiss (blitz)"]
[EventRounds "11"]
[EventCountry "USA"]
[SourceTitle "EXT 2024"]
[Source "ChessBase"]
[SourceDate "2023.10.10"]
[SourceVersion "1"]
[SourceVersionDate "2023.10.10"]
[SourceQuality "1"]

1. e4 c5 2. Ne2 Nc6 3. d4 cxd4 4. Nxd4 e6 5. Nc3 Qc7 6. Be3 a6 7. g4 Nge7 8. Qf3 Ng6 9. 0-0-0 Bb4 10. Qg3 Nce5 11. f4 Bxc3 12. bxc3 Nc4 13. Bxc4 Qxc4 14. Nb3 Qxc3 15. Rd3 Qc7 16. Rhd1 0-0 17. h4 b5 18. h5 Ne7 19. Bc5 Re8 20. h6 Bb7 21. Bd6 Qc4 22. Rd4 Qc6 23. hxg7 Rac8 24. Nc5 b4 25. Rh1 Ng6 26. Qh2 f6 27. Qxh7+ 1-0

[Event "Titled Tuesday intern op 11th Jul Early"]
[Site "Chess.com INT"]
[Date "2023.07.11"]
[Round "3"]
[White "Shvedova, Alexandra"]
[Black "Mangialardo, Tiago Carvalho"]
[Result "1-0"]
[WhiteElo "2207"]
[BlackElo "1965"]
[PlyCount "79"]
[EventDate "2023.07.11"]
[EventType "swiss (blitz)"]
[EventRounds "11"]
[EventCountry "USA"]
[SourceTitle "EXT 2024"]
[Source "ChessBase"]
[SourceDate "2023.10.10"]
[SourceVersion "1"]
[SourceVersionDate "2023.10.10"]
[SourceQuality "1"]

1. Nf3 Nf6 2. c4 g6 3. g3 Bg7 4. Bg2 0-0 5. 0-0 c5 6. Nc3 Nc6 7. b3 Ne4 8. Bb2 Nxc3 9. Bxc3 Bxc3 10. dxc3 d6 11. e4 Bg4 12. h3 Bxf3 13. Qxf3 a5 14. Rab1 Qd7 15. Kh2 Rfc8 16. Qe2 a4 17. b4 cxb4 18. cxb4 Ne5 19. Rfc1 a3 20. f4 Nc6 21. Qd3 Qe6 22. Bf3 Ra4 23. Bg4 f5 24. exf5 Qf6 25. fxg6 Rf8 26. gxh7+ Kh8 27. b5 Nd4 28. Rd1 e5 29. Rf1 Qh6 30. fxe5 dxe5 31. Rxf8+ Qxf8 32. Rf1 Qh6 33. Qe4 Qg7 34. Qd5 Rb4 35. Qd8+ Kxh7 36. Qh4+ Kg8 37. Qd8+ Kh7 38. Qe8 Rb2+ 39. Kh1 Kh6 40. Qh5# 1-0

[Event "Wch U16 Girls blitz"]
[Site "Batumi"]
[Date "2023.06.10"]
[Round "2"]
[White "Shvedova, Alexandra"]
[Black "Dorashava, Viktoryia"]
[Result "1-0"]
[WhiteElo "1973"]
[BlackElo "1684"]
[PlyCount "49"]
[EventDate "2023.06.10"]
[EventType "swiss (blitz)"]
[EventRounds "11"]
[EventCountry "GEO"]
[SourceTitle "EXT 2024"]
[Source "ChessBase"]
[SourceDate "2023.10.10"]
[SourceVersion "1"]
[SourceVersionDate "2023.10.10"]
[SourceQuality "1"]
[WhiteTeam "FIDE"]
[BlackTeam "FIDE"]

1. e4 c5 2. Ne2 d6 3. g3 d5 4. Bg2 d4 5. d3 Nc6 6. 0-0 e5 7. f4 Bd6 8. Na3 Be6 9. fxe5 Bxe5 10. Nf4 Qd7 11. Nxe6 Qxe6 12. Nc4 h5 13. Qf3 h4 14. Bf4 Nf6 15. Nxe5 Nxe5 16. Bxe5 Qxe5 17. Qf5 Qc7 18. e5 Rh5 19. Qf4 Nd5 20. Bxd5 0-0-0 21. Qg4+ Kb8 22. Qxh5 hxg3 23. Bg2 gxh2+ 24. Qxh2 Ka8 25. e6 1-0